[Event "ROM-ch U20 Girls"]
[Site "Baile Felix"]
[Date "2017.02.05"]
[Round "4"]
[White "Stanciu, Ioana Georgiana"]
[Black "Cusmuliuc, Diana Elena"]
[Result "1-0"]
[WhiteElo "2046"]
[BlackElo "1967"]
[PlyCount "123"]
[EventDate "2017.02.02"]
[EventType "tourn"]
[EventRounds "10"]
[EventCountry "ROU"]
[SourceTitle "CBM 176 Extra"]
[Source "ChessBase"]
[SourceDate "2017.03.02"]
[SourceVersion "1"]
[SourceVersionDate "2017.03.02"]
[SourceQuality "1"]

1. e4 c5 2. Nf3 a6 3. c3 e6 4. d4 d5 5. e5 Nc6 6. Bd3 cxd4 7. cxd4 Qb6 8. Nc3 Bd7 9. Bb1 Rc8 10. 0-0 h6 11. Ne2 Nge7 12. Nh4 g6 13. f4 Nf5 14. Bxf5 gxf5 15. Rf2 Nb4 16. Ng3 Qc7 17. a3 Nc2 18. Rb1 Nxd4 19. Qxd4 Bc5 20. Qd2 Bxf2+ 21. Kxf2 Qc5+ 22. Ke1 Qg1+ 23. Nf1 Bb5 24. Qf2 Qxf1+ 25. Qxf1 Bxf1 26. Kxf1 Kd7 27. Nf3 Rc4 28. Be3 Rhc8 29. Nd4 b5 30. Ke2 Ke7 31. h3 h5 32. Kd2 Rg8 33. Rg1 f6 34. Bf2 fxe5 35. fxe5 Kd7 36. g3 Ke7 37. Ke3 Kd7 38. Kd3 b4 39. axb4 Rxb4 40. b3 a5 41. Be1 Rb7 42. Bxa5 h4 43. Be1 Ke8 44. Bf2 hxg3 45. Rxg3 Rxg3+ 46. Bxg3 Rg7 47. Be1 Kd7 48. h4 f4 49. Ke2 Rg1 50. Bf2 Rg7 51. Kf3 Rf7 52. Ne2 Kc6 53. b4 Kb5 54. Bc5 Kc4 55. Nxf4 d4 56. Ke4 Rd7 57. Bd6 Rh7 58. h5 d3 59. Nxd3 Rxh5 60. Nf4 Rh4 61. Kf3 Rh6 62. Kg4 1-0

[Event "ROM-chT (Women)"]
[Site "Calimanesti Caciulata"]
[Date "2016.11.26"]
[Round "6.4"]
[White "Coman, Emilia Florentina"]
[Black "Cusmuliuc, Diana Elena"]
[Result "1/2-1/2"]
[WhiteElo "1836"]
[BlackElo "1973"]
[PlyCount "59"]
[EventDate "2016.11.21"]
[EventType "team-tourn"]
[EventRounds "7"]
[EventCountry "ROU"]
[SourceTitle "EXT 2018"]
[Source "ChessBase"]
[SourceDate "2017.10.13"]
[SourceVersion "1"]
[SourceVersionDate "2017.10.13"]
[SourceQuality "1"]
[WhiteTeam "Smart Galati (W)"]
[BlackTeam "Iasi Politehnica (W)"]
[WhiteTeamCountry "ROU"]
[BlackTeamCountry "ROU"]

1. d4 f5 2. Nf3 Nf6 3. Bg5 Ne4 4. Bf4 d6 5. Nbd2 Nf6 6. c4 g6 7. e3 Bg7 8. Bd3 e6 9. e4 0-0 10. exf5 exf5 11. 0-0 Nh5 12. Bg5 Bf6 13. Bxf6 Qxf6 14. Re1 c5 15. dxc5 dxc5 16. Ne5 Nd7 17. Ndf3 Rd8 18. Qc2 b6 19. Rad1 Nxe5 20. Nxe5 Bb7 21. Qc3 Qg5 22. Bf1 Nf4 23. Qg3 Qxg3 24. hxg3 Ne6 25. Rxd8+ Nxd8 26. Rd1 Nc6 27. Nxc6 Bxc6 28. Rd6 Rc8 29. Be2 Kf7 30. Bf3 1/2-1/2

[Event "ROM-chT (Women)"]
[Site "Calimanesti Caciulata"]
[Date "2016.11.24"]
[Round "4.4"]
[White "Cusmuliuc, Diana Elena"]
[Black "Anton, Roxana Ana"]
[Result "1/2-1/2"]
[WhiteElo "1973"]
[BlackElo "1858"]
[PlyCount "66"]
[EventDate "2016.11.21"]
[EventType "team-tourn"]
[EventRounds "7"]
[EventCountry "ROU"]
[SourceTitle "EXT 2018"]
[Source "ChessBase"]
[SourceDate "2017.10.13"]
[SourceVersion "1"]
[SourceVersionDate "2017.10.13"]
[SourceQuality "1"]
[WhiteTeam "Iasi Politehnica (W)"]
[BlackTeam "Arad University (W)"]
[WhiteTeamCountry "ROU"]
[BlackTeamCountry "ROU"]

1. e4 e6 2. d4 d5 3. e5 c5 4. c3 Nc6 5. Nf3 cxd4 6. cxd4 Bb4+ 7. Bd2 Qb6 8. Bxb4 Qxb4+ 9. Qd2 Bd7 10. Na3 a6 11. Be2 Nge7 12. Nc2 Qb6 13. b4 Qd8 14. 0-0 Nf5 15. a4 b6 16. Rfc1 Nce7 17. b5 a5 18. Ra3 0-0 19. Bd3 Rc8 20. g4 Nh6 21. h3 Ng6 22. Nce1 Qe7 23. Rac3 Rxc3 24. Rxc3 Rc8 25. Rxc8+ Bxc8 26. Qc3 Bb7 27. Bxg6 fxg6 28. Nd3 g5 29. Nxg5 Qxg5 30. Qc7 Nxg4 31. Qb8+ Kf7 32. Qxb7+ Kg6 33. hxg4 Qxg4+ 1/2-1/2

[Event "EU-ch U18 Girls 26th"]
[Site "Prague"]
[Date "2016.08.24"]
[Round "6"]
[White "Ajanovic, Berina"]
[Black "Cusmuliuc, Diana Elena"]
[Result "0-1"]
[WhiteElo "1377"]
[BlackElo "1945"]
[PlyCount "94"]
[EventDate "2016.08.18"]
[EventType "swiss"]
[EventRounds "9"]
[EventCountry "CZE"]
[SourceTitle "CBM 174 Extra"]
[Source "ChessBase"]
[SourceDate "2016.10.10"]
[SourceVersion "1"]
[SourceVersionDate "2016.10.10"]
[SourceQuality "1"]

1. d4 Nf6 2. c4 e6 3. Nf3 Bb4+ 4. Nbd2 b6 5. g3 Bb7 6. Bg2 0-0 7. 0-0 c5 8. a3 Bxd2 9. Qxd2 Qe7 10. b3 Na6 11. Bb2 Rfd8 12. Rfd1 d5 13. cxd5 Bxd5 14. Ne5 Rac8 15. Bxd5 Nxd5 16. Qe1 cxd4 17. Bxd4 f6 18. Nf3 e5 19. Bb2 Nc5 20. b4 Na4 21. Rab1 e4 22. Nh4 e3 23. f3 Ndc3 24. Bxc3 Nxc3 25. Rxd8+ Qxd8 26. Rb2 Qd4 27. Rc2 g6 28. Ng2 Rc4 29. Nf4 b5 30. Nd3 Nd5 31. Rc1 h5 32. Qd1 Nc3 33. Qe1 Na2 34. Rd1 Rc2 35. Kf1 Nc3 36. Rc1 Rd2 37. Nf4 Kh7 38. h4 Kh6 39. Ne6 Qe5 40. Nf4 g5 41. hxg5+ fxg5 42. Nd3 Qf6 43. f4 gxf4 44. Nxf4 Nxe2 45. Rc5 Nxf4 46. Qxe3 Qa1+ 47. Qe1 Rf2+ 0-1

[Event "ROM-ch U18 Girls"]
[Site "Calimanesti Caciulata"]
[Date "2016.04.25"]
[Round "9"]
[White "Cusmuliuc, Diana Elena"]
[Black "Toba, Andreea Valentina"]
[Result "1-0"]
[WhiteElo "1931"]
[BlackElo "1549"]
[PlyCount "23"]
[EventDate "2016.04.18"]
[EventType "swiss"]
[EventRounds "9"]
[EventCountry "ROU"]
[SourceTitle "EXT 2017"]
[Source "ChessBase"]
[SourceDate "2016.10.25"]
[SourceVersion "1"]
[SourceVersionDate "2016.10.25"]
[SourceQuality "1"]

1. e4 g6 2. Nf3 Bg7 3. Bc4 d6 4. 0-0 a6 5. d4 Nf6 6. Qe2 Nbd7 7. e5 Ng4 8. Bxf7+ Kf8 9. Ng5 Nb6 10. Qf3 Nf6 11. exf6 Bxf6 12. Be6 1-0

[Event "ROM-ch U18 Girls"]
[Site "Calimanesti Caciulata"]
[Date "2016.04.21"]
[Round "4"]
[White "Cusmuliuc, Diana Elena"]
[Black "Bitica, Stefania"]
[Result "1-0"]
[WhiteElo "1931"]
[BlackElo "1411"]
[PlyCount "77"]
[EventDate "2016.04.18"]
[EventType "swiss"]
[EventRounds "9"]
[EventCountry "ROU"]
[SourceTitle "CBM 172 Extra"]
[Source "ChessBase"]
[SourceDate "2016.06.21"]
[SourceVersion "1"]
[SourceVersionDate "2016.06.21"]
[SourceQuality "1"]

1. Nf3 d5 2. c4 Nf6 3. b3 Bf5 4. g3 e6 5. Bg2 Be7 6. Bb2 0-0 7. 0-0 c5 8. d3 Nc6 9. Nbd2 Rc8 10. Re1 b6 11. h3 Bg6 12. a3 Qd7 13. e4 dxe4 14. dxe4 Rfd8 15. Qe2 Qc7 16. Rad1 e5 17. Nh4 Nd4 18. Bxd4 exd4 19. Nxg6 hxg6 20. e5 Nd7 21. e6 Nf6 22. exf7+ Kxf7 23. Qe6+ Kf8 24. Ne4 Re8 25. Nxf6 Bxf6 26. Qg4 g5 27. Be4 Qe5 28. Kg2 Rcd8 29. Re2 Qe6 30. Qf3 Qd6 31. Qh5 Re5 32. Qh7 Qd7 33. Rdd2 Rde8 34. Bg6 Rd8 35. Rxe5 Bxe5 36. Re2 Qc6+ 37. Kg1 Qf6 38. h4 gxh4 39. f4 1-0

[Event "ROM-ch U18 Girls"]
[Site "Calimanesti Caciulata"]
[Date "2016.04.18"]
[Round "1"]
[White "Varga, Adrienn"]
[Black "Cusmuliuc, Diana Elena"]
[Result "0-1"]
[WhiteElo "1677"]
[BlackElo "1931"]
[PlyCount "107"]
[EventDate "2016.04.18"]
[EventType "swiss"]
[EventRounds "9"]
[EventCountry "ROU"]
[SourceTitle "CBM 172 Extra"]
[Source "ChessBase"]
[SourceDate "2016.06.21"]
[SourceVersion "1"]
[SourceVersionDate "2016.06.21"]
[SourceQuality "1"]

1. e4 e6 2. d4 d5 3. Nd2 Nc6 4. Ngf3 Nf6 5. e5 Nd7 6. c3 a5 7. Bd3 Be7 8. 0-0 b6 9. Qe2 Bb7 10. h3 h5 11. Nh2 g6 12. f4 Qc8 13. Qf2 Ba6 14. Bxa6 Qxa6 15. Qe3 0-0-0 16. Ndf3 Kb8 17. Bd2 Rc8 18. Rfb1 a4 19. b3 Kb7 20. Rc1 Na7 21. c4 Ba3 22. Rc2 c5 23. bxa4 Qxa4 24. Qb3 Qxb3 25. axb3 Bb4 26. Bxb4 cxb4 27. Ng5 Rhf8 28. Rac1 dxc4 29. bxc4 Nc6 30. Nhf3 Na5 31. Ne4 Rc7 32. Rb2 b3 33. Nfd2 Kb8 34. Nxb3 Rxc4 35. Rxc4 Nxc4 36. Nbc5 Nxc5 37. Nxc5 Kc7 38. Rb4 Nxe5 39. Nxe6+ fxe6 40. dxe5 Rb8 41. Kf2 b5 42. Ke3 Kc6 43. g4 hxg4 44. hxg4 Kc5 45. Rb1 b4 46. Ke4 b3 47. f5 Rb4+ 48. Kd3 gxf5 49. gxf5 exf5 50. e6 Kd6 51. e7 Kxe7 52. Kc3 Rb7 53. Rxb3 Rxb3+ 54. Kxb3 0-1

[Event "ROM-ch U18 Girls"]
[Site "Calimanesti"]
[Date "2015.04.04"]
[Round "7"]
[White "Cusmuliuc, Diana Elena"]
[Black "Cosman, Andreea Marioara"]
[Result "0-1"]
[WhiteElo "2038"]
[BlackElo "2074"]
[PlyCount "80"]
[EventDate "2015.03.30"]
[EventType "swiss"]
[EventRounds "9"]
[EventCountry "ROU"]
[SourceTitle "CBM 165 Extra"]
[Source "ChessBase"]
[SourceDate "2015.04.21"]
[SourceVersion "1"]
[SourceVersionDate "2015.04.21"]
[SourceQuality "1"]

1. e4 c5 2. Nc3 d6 3. Bb5+ Bd7 4. a4 Nc6 5. f4 g6 6. Nf3 Bg7 7. 0-0 e6 8. Bxc6 Bxc6 9. Qe1 d5 10. d3 Ne7 11. e5 h5 12. a5 Nf5 13. Bd2 Bf8 14. Na4 b5 15. Nc3 Be7 16. Ng5 Rb8 17. Ne2 b4 18. Ng3 Nd4 19. Qd1 Bb5 20. Be3 h4 21. Ne2 Nf5 22. Bc1 Qc7 23. Re1 Qb7 24. Nf3 d4 25. h3 Bc6 26. Kf2 b3 27. c4 dxc3 28. Nxc3 Rd8 29. Be3 0-0 30. a6 Qb4 31. Qb1 Rd7 32. Rf1 Rfd8 33. Ne1 Nxe3 34. Kxe3 c4 35. Kd2 cxd3 36. Qd1 Bc5 37. Ra3 Qd4 38. Qxb3 Bxa3 39. Qxa3 Rb8 40. Nf3 Qxf4+ 0-1

[Event "ROM-ch U18 Girls"]
[Site "Calimanesti"]
[Date "2015.04.01"]
[Round "3"]
[White "Cusmuliuc, Diana Elena"]
[Black "Varga, Adrienn"]
[Result "1-0"]
[WhiteElo "2038"]
[BlackElo "1716"]
[PlyCount "161"]
[EventDate "2015.03.30"]
[EventType "swiss"]
[EventRounds "9"]
[EventCountry "ROU"]
[SourceTitle "CBM 165 Extra"]
[Source "ChessBase"]
[SourceDate "2015.04.21"]
[SourceVersion "1"]
[SourceVersionDate "2015.04.21"]
[SourceQuality "1"]

1. e4 c6 2. Nc3 d5 3. Nf3 Bg4 4. h3 Bh5 5. g4 Bg6 6. exd5 cxd5 7. Bb5+ Nc6 8. Ne5 Qd6 9. d4 a6 10. Bxc6+ bxc6 11. Na4 e6 12. Bf4 Qb4+ 13. c3 Qb5 14. h4 f6 15. Nxg6 hxg6 16. Be3 Nh6 17. b3 Bd6 18. h5 g5 19. Rg1 0-0 20. Qc2 e5 21. dxe5 Bxe5 22. 0-0-0 Rfd8 23. Qd3 Qb7 24. Nc5 Qc8 25. f3 a5 26. Na4 Qe6 27. Rge1 Re8 28. Kc2 Qd6 29. Bc5 Qc7 30. Qg6 Re6 31. f4 gxf4 32. g5 Ng4 33. Qf5 Rae8 34. Qxg4 fxg5 35. Qxg5 Bf6 36. Qg1 Re2+ 37. Rxe2 Rxe2+ 38. Rd2 f3 39. Rxe2 fxe2 40. Be3 Qe5 41. Kd2 Qxh5 42. Qe1 g5 43. Qxe2 g4 44. Bf2 Bg5+ 45. Kc2 Qh2 46. Nc5 g3 47. Qe8+ Kh7 48. Qd7+ Kg8 49. Qc8+ Kf7 50. Qc7+ Be7 51. Nd3 gxf2 52. Qxh2 f1Q 53. Ne5+ Ke6 54. Nxc6 Bd6 55. Nd4+ Kd7 56. Qh7+ Be7 57. Qf5+ Qxf5+ 58. Nxf5 Bc5 59. Kd3 Kc6 60. Nd4+ Kd6 61. Nc2 Kc7 62. a4 Kb6 63. Nd4 Bd6 64. Ke3 Be5 65. Kf3 Kc5 66. Ne2 d4 67. Ke4 dxc3 68. Kxe5 Kb4 69. Nc1 Ka3 70. Kd4 Kb2 71. Kc4 Ka3 72. Na2 c2 73. Nc1 Kb2 74. Nd3+ Ka3 75. b4 axb4 76. a5 b3 77. Kc3 Ka2 78. a6 b2 79. Nb4+ Ka1 80. Nxc2+ Kb1 81. a7 1-0

[Event "ROM-ch U16 Girls"]
[Site "Calimanesti"]
[Date "2014.04.13"]
[Round "9"]
[White "Bejan, Clarisa Iustina"]
[Black "Cusmuliuc, Diana Elena"]
[Result "0-1"]
[WhiteElo "1479"]
[BlackElo "1831"]
[PlyCount "40"]
[EventDate "2014.04.06"]
[EventType "swiss"]
[EventRounds "9"]
[EventCountry "ROU"]
[SourceTitle "CBM 160 Extra"]
[Source "ChessBase"]
[SourceDate "2014.07.01"]
[SourceVersion "1"]
[SourceVersionDate "2014.07.01"]
[SourceQuality "1"]

1. d4 f5 2. c4 g6 3. Nc3 Nf6 4. e3 Bg7 5. Nf3 d6 6. Bd3 0-0 7. 0-0 Nc6 8. a3 e5 9. dxe5 dxe5 10. Be2 e4 11. Nd4 Ne5 12. b4 c6 13. Rb1 Qc7 14. h3 g5 15. c5 g4 16. hxg4 Nfxg4 17. g3 Rf6 18. f3 Nxf3+ 19. Kg2 Nh4+ 20. Kh1 Qxg3 0-1

[Event "ROM-ch U16 Girls"]
[Site "Calimanesti"]
[Date "2013.04.05"]
[Round "5"]
[White "Ciungan, Diana Alexandra"]
[Black "Cusmuliuc, Diana Elena"]
[Result "0-1"]
[WhiteElo "1739"]
[BlackElo "1782"]
[PlyCount "96"]
[EventDate "2013.04.02"]
[EventType "swiss"]
[EventRounds "9"]
[EventCountry "ROU"]
[SourceTitle "CBM 153 Extra"]
[Source "ChessBase"]
[SourceDate "2013.04.22"]
[SourceVersion "1"]
[SourceVersionDate "2013.04.22"]
[SourceQuality "1"]

1. e4 e6 2. d4 d5 3. Nd2 Nc6 4. Ngf3 Nf6 5. e5 Nd7 6. Bd3 f6 7. exf6 Qxf6 8. Nb3 Bd6 9. Bg5 Qf7 10. Bh4 h6 11. 0-0 0-0 12. Bg3 e5 13. dxe5 Ndxe5 14. Nxe5 Nxe5 15. c3 Nxd3 16. Qxd3 Bf5 17. Qf3 Rad8 18. Nd4 Be4 19. Qxf7+ Rxf7 20. Bxd6 Rxd6 21. f3 Bg6 22. Rfe1 Rfd7 23. Re6 c5 24. Rxd6 Rxd6 25. Nb3 b6 26. Rd1 Kf7 27. Kf2 Ke6 28. g4 Kd7 29. f4 Bc2 30. Rd2 Be4 31. Rd1 Bc2 32. Rd2 Bxb3 33. axb3 d4 34. cxd4 cxd4 35. Kf3 Kc6 36. Ke4 Kc5 37. h4 Re6+ 38. Kf5 Re3 39. g5 hxg5 40. hxg5 d3 41. Kg4 Kd4 42. Rh2 Re2 43. Rh8 Ke3 44. Re8+ Kf2 45. Rd8 d2 46. f5 Ke1 47. f6 gxf6 48. gxf6 d1Q 0-1

[Event "Wch U14 Girls"]
[Site "Maribor"]
[Date "2012.11.16"]
[Round "9.29"]
[White "Menzi, Nezihe Ezgi"]
[Black "Cusmuliuc, Diana Elena"]
[Result "1-0"]
[WhiteElo "1914"]
[BlackElo "1793"]
[PlyCount "111"]
[EventDate "2012.11.08"]
[EventType "swiss"]
[EventRounds "11"]
[EventCountry "SLO"]
[SourceTitle "EXT 2013"]
[Source "ChessBase"]
[SourceDate "2012.11.22"]
[SourceVersion "1"]
[SourceVersionDate "2012.11.22"]
[SourceQuality "1"]

1. e4 c5 2. Nf3 d6 3. Bb5+ Bd7 4. Bxd7+ Qxd7 5. c4 Nf6 6. Nc3 g6 7. d4 cxd4 8. Nxd4 Bg7 9. h3 0-0 10. Be3 Nc6 11. 0-0 Rfc8 12. b3 Rab8 13. Rc1 a6 14. Qd2 b6 15. a4 Na5 16. Qa2 e6 17. Rfd1 Qb7 18. f3 d5 19. cxd5 exd5 20. e5 Ne8 21. f4 Nc7 22. Nf3 Nc6 23. Qf2 Ne7 24. Nd4 Ne6 25. g4 Nxd4 26. Bxd4 Qd7 27. Rd3 Nc6 28. Bxb6 Nb4 29. Rf3 Rc6 30. Bd4 Qc7 31. Re1 Re8 32. Qd2 Re7 33. Rd1 Rd7 34. Rc1 a5 35. Rff1 Qd8 36. Nb5 Qh4 37. Qg2 Rd8 38. Rxc6 Nxc6 39. Bb6 Rc8 40. Bf2 Qe7 41. Nd6 Rd8 42. Qxd5 Nb4 43. Qxa5 Nd3 44. Bg3 Rxd6 45. exd6 Qe3+ 46. Bf2 Nxf2 47. Qa8+ Bf8 48. Rxf2 Qxh3 49. Qf3 Qh4 50. Kg2 Bxd6 51. Rd2 Bb4 52. Re2 Bd6 53. Re8+ Kg7 54. Qc3+ f6 55. Qh3 Qxh3+ 56. Kxh3 1-0

[Event "Wch U14 Girls"]
[Site "Maribor"]
[Date "2012.11.15"]
[Round "8.40"]
[White "Cusmuliuc, Diana Elena"]
[Black "Lesnic, Galina"]
[Result "1-0"]
[WhiteElo "1793"]
[BlackElo "1487"]
[PlyCount "55"]
[EventDate "2012.11.08"]
[EventType "swiss"]
[EventRounds "11"]
[EventCountry "SLO"]
[SourceTitle "EXT 2013"]
[Source "ChessBase"]
[SourceDate "2012.11.22"]
[SourceVersion "1"]
[SourceVersionDate "2012.11.22"]
[SourceQuality "1"]

1. e4 e5 2. Nf3 Nc6 3. Bb5 Bb4 4. 0-0 Nge7 5. c3 Ba5 6. Re1 0-0 7. Qe2 d6 8. Ba4 b5 9. Bb3 Ng6 10. d3 h6 11. Bd5 Nge7 12. Bb3 Ng6 13. Be3 Nce7 14. Bd2 Bb6 15. Na3 Bb7 16. Nc2 Re8 17. d4 exd4 18. cxd4 d5 19. e5 Nf8 20. Nh4 Neg6 21. Nf5 c5 22. Qh5 Ne6 23. Nce3 c4 24. Ng4 cxb3 25. Nfxh6+ Kf8 26. Bb4+ Ne7 27. Nf5 a5 28. Bxe7+ 1-0

[Event "Wch U14 Girls"]
[Site "Maribor"]
[Date "2012.11.11"]
[Round "4.18"]
[White "Cusmuliuc, Diana Elena"]
[Black "Diakonova, Ekaterina"]
[Result "1-0"]
[WhiteElo "1793"]
[BlackElo "1915"]
[PlyCount "61"]
[EventDate "2012.11.08"]
[EventType "swiss"]
[EventRounds "11"]
[EventCountry "SLO"]
[SourceTitle "EXT 2013"]
[Source "ChessBase"]
[SourceDate "2012.11.22"]
[SourceVersion "1"]
[SourceVersionDate "2012.11.22"]
[SourceQuality "1"]

1. e4 c5 2. Nc3 Nc6 3. Bb5 Nd4 4. Bc4 e6 5. Nf3 Nf6 6. 0-0 d5 7. exd5 exd5 8. Nxd4 cxd4 9. Nxd5 Nxd5 10. Qh5 Ne7 11. Qxf7+ Kd7 12. d3 Kc6 13. Bg5 h6 14. Bh4 Qd7 15. Rfe1 Nf5 16. Re6+ Nd6 17. Qf3+ Kc7 18. Bg3 Qd8 19. Re5 Bd7 20. Qd5 Bc6 21. Qxd4 Qf6 22. Rae1 b6 23. Bd5 Bxd5 24. Qxd5 Rc8 25. Re6 Qd8 26. R1e4 b5 27. c4 Qg5 28. Bxd6+ Bxd6 29. Qxd6+ Kb7 30. Re7+ Ka8 31. Qd7 1-0

[Event "Wch U14 Girls"]
[Site "Maribor"]
[Date "2012.11.09"]
[Round "2.16"]
[White "Cusmuliuc, Diana Elena"]
[Black "Huang, Mofei"]
[Result "1/2-1/2"]
[WhiteElo "1793"]
[BlackElo "1919"]
[PlyCount "116"]
[EventDate "2012.11.08"]
[EventType "swiss"]
[EventRounds "11"]
[EventCountry "SLO"]
[SourceTitle "EXT 2013"]
[Source "ChessBase"]
[SourceDate "2012.11.22"]
[SourceVersion "1"]
[SourceVersionDate "2012.11.22"]
[SourceQuality "1"]

1. e4 c5 2. Nc3 Nc6 3. Bb5 e6 4. Bxc6 bxc6 5. e5 Qg5 6. Nf3 Qxg2 7. Rg1 Qh3 8. d3 h6 9. Bf4 Qf5 10. Bg3 Ba6 11. Nh4 Qh7 12. a3 Ne7 13. Ne4 Nf5 14. Nxf5 Qxf5 15. Qe2 Be7 16. Nd6+ Bxd6 17. exd6 f6 18. 0-0-0 0-0 19. Rg2 Rf7 20. Rdg1 e5 21. f3 Qe6 22. Be1 Qxd6 23. Bd2 g5 24. h4 Kf8 25. hxg5 hxg5 26. Rh2 Ke7 27. Rh6 Qe6 28. Bxg5 Raf8 29. Qf2 d6 30. Qh4 Qf5 31. Bd2 Qxf3 32. Qa4 Bc8 33. Qxa7+ Bd7 34. Rhg6 Rh8 35. R6g3 Qd5 36. c4 Qd4 37. Rg7 Rh7 38. R7g3 Qf2 39. Qa4 Rh1 40. Rxh1 Qxg3 41. Kc2 Qg8 42. b4 cxb4 43. axb4 Qd8 44. Qa2 Qb8 45. Qb2 Rg7 46. Rf1 Qb6 47. Re1 Qf2 48. Ra1 Rg3 49. Ra3 Rg2 50. Qc3 Rg3 51. Qb2 Qb6 52. Qc1 Rg2 53. Qh1 Rxd2+ 54. Kxd2 Qxb4+ 55. Rc3 Qb2+ 56. Rc2 Qb4+ 57. Rc3 Qb2+ 58. Rc2 Qb4+ 1/2-1/2

[Event "World School-ch U15 Girls 8th"]
[Site "Iasi"]
[Date "2012.05.04"]
[Round "7"]
[White "Saikhanzaya, Ganbaatar"]
[Black "Cusmuliuc, Diana Elena"]
[Result "1-0"]
[WhiteElo "1816"]
[BlackElo "1779"]
[PlyCount "193"]
[EventDate "2012.04.28"]
[EventType "swiss"]
[EventRounds "9"]
[EventCountry "ROU"]
[SourceTitle "EXT 2013"]
[Source "ChessBase"]
[SourceDate "2012.11.22"]
[SourceVersion "1"]
[SourceVersionDate "2012.11.22"]
[SourceQuality "1"]

1. d4 Nf6 2. c4 e6 3. Nf3 Bb4+ 4. Bd2 Qe7 5. g3 b6 6. Nc3 Bb7 7. Bg2 0-0 8. 0-0 d6 9. Rc1 c5 10. e3 Bxc3 11. Bxc3 Ne4 12. a3 Nxc3 13. Rxc3 Nc6 14. d5 exd5 15. cxd5 Ne5 16. Nh4 Qd7 17. e4 b5 18. Nf5 Ng6 19. Qg4 Kh8 20. h4 f6 21. f4 Rf7 22. Bh3 Nf8 23. Qe2 Qd8 24. Qxb5 a5 25. Rf2 Bc8 26. Qc6 Bxf5 27. Bxf5 Rc7 28. Qa4 Qe7 29. Re3 g6 30. Bh3 Rb7 31. b3 Nd7 32. Bxd7 Rxd7 33. b4 cxb4 34. axb4 Rda7 35. b5 Rb7 36. Rc2 Qd7 37. Rc6 Rab8 38. Rb3 Kg7 39. Qxa5 Qg4 40. Rc7+ Kh6 41. Rxb7 Qd1+ 42. Kf2 Qc2+ 43. Kf1 Qc4+ 44. Kg1 Qd4+ 45. Kh2 Qf2+ 46. Kh3 Qf1+ 47. Kg4 Qe2+ 48. Rf3 Rxb7 49. Qc3 Kg7 50. e5 fxe5 51. fxe5 dxe5 52. Kh3 Rf7 53. Rxf7+ Kxf7 54. Qc7+ Kf8 55. Qd6+ Kf7 56. Qe6+ Kg7 57. Qe7+ Kg8 58. Qf6 Qxb5 59. Qxe5 Qd7+ 60. Kg2 Qb7 61. Qe6+ Kg7 62. Kf3 Qb3+ 63. Kf4 Qb4+ 64. Ke5 Qb8+ 65. Qd6 Qe8+ 66. Kd4 Qa4+ 67. Kc5 Qa5+ 68. Kc6 Qa6+ 69. Kd7 Qb7+ 70. Kd8 Qa8+ 71. Ke7 Qb7+ 72. Kd8 Qa8+ 73. Ke7 Qa7+ 74. Ke8 Qf7+ 75. Kd8 Qf3 76. Qe7+ Kg8 77. Qe8+ Kg7 78. Qe5+ Kg8 79. d6 Qa8+ 80. Ke7 Qf8+ 81. Kd7 Qf7+ 82. Qe7 Qf3 83. Qe8+ Kg7 84. Qe5+ Kg8 85. Ke7 Qf2 86. d7 Qa7 87. Kd8 Qa8+ 88. Kc7 Qa7+ 89. Kd8 Qa8+ 90. Ke7 Qf8+ 91. Ke6 Qd8 92. Qf6 Qb6+ 93. Ke7 Qc5+ 94. Qd6 Qa7 95. Ke8 Qf2 96. Qe6+ Kg7 97. d8Q 1-0

[Event "World School-ch U15 Girls 8th"]
[Site "Iasi"]
[Date "2012.05.03"]
[Round "6"]
[White "Cusmuliuc, Diana Elena"]
[Black "Ahmadova, Fatima Mahammad Qiz"]
[Result "1/2-1/2"]
[WhiteElo "1779"]
[BlackElo "1586"]
[PlyCount "40"]
[EventDate "2012.04.28"]
[EventType "swiss"]
[EventRounds "9"]
[EventCountry "ROU"]
[SourceTitle "EXT 2013"]
[Source "ChessBase"]
[SourceDate "2012.11.22"]
[SourceVersion "1"]
[SourceVersionDate "2012.11.22"]
[SourceQuality "1"]

1. d4 d5 2. c4 c6 3. e3 Nf6 4. Nf3 Bf5 5. cxd5 cxd5 6. Nc3 Nc6 7. Be2 e6 8. 0-0 Bd6 9. Bb5 0-0 10. Bxc6 bxc6 11. Na4 Nd7 12. h3 Qe7 13. b3 Be4 14. Bb2 Bxf3 15. Qxf3 f6 16. Rac1 Rac8 17. Rc2 e5 18. Rfc1 e4 19. Qe2 Nb8 20. Nc5 Qf7 1/2-1/2

[Event "World School-ch U15 Girls 8th"]
[Site "Iasi"]
[Date "2012.05.01"]
[Round "4"]
[White "Bagirova, Khatun"]
[Black "Cusmuliuc, Diana Elena"]
[Result "1-0"]
[WhiteElo "1868"]
[BlackElo "1779"]
[PlyCount "57"]
[EventDate "2012.04.28"]
[EventType "swiss"]
[EventRounds "9"]
[EventCountry "ROU"]
[SourceTitle "EXT 2013"]
[Source "ChessBase"]
[SourceDate "2012.11.22"]
[SourceVersion "1"]
[SourceVersionDate "2012.11.22"]
[SourceQuality "1"]

1. e4 c5 2. Nf3 d6 3. d4 cxd4 4. Nxd4 Nf6 5. Nc3 a6 6. Be2 e6 7. Be3 Be7 8. 0-0 0-0 9. a4 b6 10. f4 Bb7 11. Bf3 Qc7 12. Qd2 Nbd7 13. g4 Rfd8 14. g5 Ne8 15. f5 Nf8 16. fxe6 Nxe6 17. Nxe6 fxe6 18. Qf2 Qd7 19. Bh5 Nc7 20. Bf7+ Kh8 21. Qh4 Ne8 22. Bg6 h6 23. gxh6 Nf6 24. hxg7+ Kxg7 25. Rxf6 Bxf6 26. Qh7+ Kf8 27. Bh6+ Bg7 28. Qh8+ Ke7 29. Qxg7# 1-0

[Event "ROM-ch (Women)"]
[Site "Sarata Monteoru"]
[Date "2012.02.15"]
[Round "3"]
[White "Cusmuliuc, Diana Elena"]
[Black "Gelip, Ioana"]
[Result "1-0"]
[WhiteElo "1745"]
[BlackElo "2025"]
[PlyCount "119"]
[EventDate "2012.02.13"]
[EventType "swiss"]
[EventRounds "9"]
[EventCountry "ROU"]
[SourceTitle "CBM 147 Extra"]
[Source "ChessBase"]
[SourceDate "2012.04.24"]
[SourceVersion "1"]
[SourceVersionDate "2012.04.24"]
[SourceQuality "1"]

1. e4 c5 2. Nc3 d6 3. f4 g6 4. Nf3 Bg7 5. d3 Nc6 6. Bd2 Rb8 7. Rb1 e6 8. g3 Nge7 9. Bg2 0-0 10. 0-0 b5 11. Nh4 Nd4 12. Ne2 Bb7 13. c3 Nxe2+ 14. Qxe2 f5 15. Nf3 Qd7 16. Rfe1 Rbe8 17. Bh3 c4 18. exf5 cxd3 19. Qxd3 exf5 20. Rbd1 Qc6 21. Bg2 Qa6 22. Bc1 Rd8 23. Nd4 Bxd4+ 24. Qxd4 Bxg2 25. Kxg2 Qxa2 26. Qb4 Qc4 27. Rxd6 Qxb4 28. Rxd8 Rxd8 29. cxb4 Nc6 30. Be3 Kf7 31. Re2 Rd3 32. Bc5 a6 33. Kf1 Rb3 34. Kg1 Nxb4 35. Re7+ Kg8 36. Re8+ Kf7 37. Re7+ Kf6 38. Rxh7 Ke6 39. Rg7 Kd5 40. Bxb4 Rxb4 41. Rxg6 a5 42. h4 Rxb2 43. h5 Rc2 44. Rf6 a4 45. Rxf5+ Kc4 46. h6 Kb4 47. Rf7 Rc8 48. Ra7 Kb3 49. g4 a3 50. g5 a2 51. h7 Rc7 52. Rxa2 Rxh7 53. Rg2 Kc4 54. g6 Rh8 55. f5 Kd5 56. f6 Ke6 57. f7 Rf8 58. g7 Kxf7 59. gxf8Q+ Kxf8 60. Rb2 1-0